000
00238nam a2200097Ia 4500
001
676563
005
20250826161002.0
008
250824s9999 xx 000 0 und d
245
0
_a
KORKUNÇ DENEY
_c
İDİL ÜNLÜ
260
_b
TİMAŞ YAYINLARI
999
_c
676563
_d
676563